000
00296nam a2200133Ia 4500
008
231017s9999 xx 000 0 und d
082
_a
625.725
082
_b
CHA
245
0
_a
Curve speed management
245
0
_c
S. G. Charlton
260
_b
S. G. Charlton
300
_c
30cm
942
_c
REP
999
_c
605898
_d
605898